000 00444nam a22001217a 4500
999 _c9688
_d9688
003 OSt
008 201203b ||||| |||| 00| 0 eng d
245 _aCurrent Development in Mechanics and Thermodynamics
250 _a2016(Jul-Dec Vol.4 No.2) 2017(Jan-Jun Vol.5 No.1, Jul-Dec Vol.5 No.2) 2018(Jan-Jun Vol.6 No.1, Jul-Dec Vol.6 No.2)
260 _aNew Delhi
_bGBS Publishers and Distributors
650 _aMechanical Engineering
942 _2ddc
_cBV